Challenges of R&D commercialization in Russia; Journal of Economics and Social Sciences; № 4

Podrobná bibliografie
Parent link:Journal of Economics and Social Sciences: electronic scientific journal.— , 2012-.— 2312-2978
№ 4.— 2014.— [3 p.]
Hlavní autor: Dementeva E. E.
Korporativní autor: Национальный исследовательский Томский политехнический университет (ТПУ) Институт социально-гуманитарных технологий (ИСГТ) Кафедра иностранных языков (ИЯСГТ)
Další autoři: Badrutdinova D. R. (научный руководитель), Chaika (Chayka) Yu. A. Yuliya Aleksandrovna
Shrnutí:Title screen
This article aims at stating the significance of research and development commercialization in Russia, as well as changes having taken place in this area over the last decade. It also covers major challenges both research and development buyers and sellers face, and namely the absence of linking element between researchers/developers and companies, interaction between Russian science, development and industrial enterprises under the new market conditions, risk of failure, and underdeveloped innovation infrastructure.
Эта статья посвящена значимости коммерциализации научных разработок в России, изменениям, произошедшим в этой сфере за последнее десятилетие. Рассматриваются основные проблемы, с которыми сталкиваются как покупатели, так и продавцы научных разработок, а именно: отсутствие связующего звена между учеными и компаниями, взаимодействие российских научно-технических и промышленных предприятий в новых рыночных условиях, риск неудачи, неразвитость инновационной инфраструктуры.
Jazyk:angličtina
Vydáno: 2014
Edice:Экономические науки
Témata:
On-line přístup:http://earchive.tpu.ru/handle/11683/21794
Médium: MixedMaterials Elektronický zdroj Kapitola
KOHA link:https://koha.lib.tpu.ru/cgi-bin/koha/opac-detail.pl?biblionumber=537400

MARC

LEADER 00000naa2a2200000 4500
001 537400
005 20231101113924.0
035 |a (RuTPU)RU\TPU\prd\226821 
035 |a RU\TPU\prd\226820 
090 |a 537400 
100 |a 20141203a2014 k y0rusy50 ba 
101 0 |a eng 
102 |a RU 
135 |a drcn ---uucaa 
181 0 |a i  
182 0 |a b 
200 1 |a Challenges of R&D commercialization in Russia  |f E. E. Dementeva, D. R. Badrutdinova  |g lang. adv. Yu. A. Chaika (Chayka) 
203 |a Text  |c electronic 
215 |a 1 файл (29 Кб) 
225 1 |a Экономические науки 
230 |a Электронные текстовые данные (1 файл : 29 Кб) 
300 |a Title screen 
320 |a [References: 5 tit.] 
330 |a This article aims at stating the significance of research and development commercialization in Russia, as well as changes having taken place in this area over the last decade. It also covers major challenges both research and development buyers and sellers face, and namely the absence of linking element between researchers/developers and companies, interaction between Russian science, development and industrial enterprises under the new market conditions, risk of failure, and underdeveloped innovation infrastructure. 
330 |a Эта статья посвящена значимости коммерциализации научных разработок в России, изменениям, произошедшим в этой сфере за последнее десятилетие. Рассматриваются основные проблемы, с которыми сталкиваются как покупатели, так и продавцы научных разработок, а именно: отсутствие связующего звена между учеными и компаниями, взаимодействие российских научно-технических и промышленных предприятий в новых рыночных условиях, риск неудачи, неразвитость инновационной инфраструктуры. 
453 |a Дементьева, Е. Е. 
461 1 |0 (RuTPU)RU\TPU\prd\225573  |x 2312-2978  |t Journal of Economics and Social Sciences  |o electronic scientific journal  |d 2012- 
463 1 |0 (RuTPU)RU\TPU\prd\226780  |t № 4  |v [3 p.]  |d 2014 
610 1 |a electronic resource 
610 1 |a innovation infrastructure 
610 1 |a developed product introduction 
610 1 |a innovations 
610 1 |a commercialization 
700 1 |a Dementeva  |b E. E. 
701 1 |a Badrutdinova  |b D. R. 
702 1 |a Chaika (Chayka)  |b Yu. A.  |c linguist  |c Senior Lecturer of Tomsk Polytechnic University  |f 1980-  |g Yuliya Aleksandrovna  |2 stltpush  |3 (RuTPU)RU\TPU\pers\30979  |4 727 
712 0 2 |a Национальный исследовательский Томский политехнический университет (ТПУ)  |b Институт социально-гуманитарных технологий (ИСГТ)  |b Кафедра иностранных языков (ИЯСГТ)  |h 7147  |2 stltpush  |3 (RuTPU)RU\TPU\col\18376 
801 1 |a RU  |b 63413507  |c 20090623  |g PSBO 
801 2 |a RU  |b 63413507  |c 20160921  |g PSBO 
856 4 |u http://earchive.tpu.ru/handle/11683/21794 
942 |c BK